| 000 | 00380nam a22001457a 4500 | ||
|---|---|---|---|
| 003 | SGT | ||
| 082 |
_a618.2 _bC23S |
||
| 100 | _aSHETH, KRISHNA | ||
| 245 | _aCorrelation of PAP Smear & Colposcopic finding of Unhealthy Cervix with Histopathological report | ||
| 260 |
_aGURUGRAM _bSGT UNIVERSITY _c2023 |
||
| 300 | _a72 | ||
| 650 | _aOBSTETIRICS | ||
| 653 | _aMS | ||
| 942 |
_2ddc _cTH |
||
| 999 |
_c26486 _d26486 |
||